000 01726nam0a2200373 4500
001 RU\NLR\bibl\1510882
005 20260405205415.0
010 _a978-5-91763-016-8
_9150
021 _aRU
_b2010-25223
_91696
035 _a(NLR Aleph) 001502279
090 _a1798079
_c1798079
100 _a20100407d2009 |||y0rusy50 ca
101 0 _arus
102 _aRU
105 _ay |||||||||
200 1 _aДругая сторона
_eстихотворения
_fИгорь Горич
210 _aМосква
_cВодолей
_d2009
215 _a111, [1] с.
_d15
225 1 _aLibellus
300 _aВ предисл. подпись авт.: Игорь (Чернов) Горич
327 1 _aСодерж.: циклы: Другая сторона; Мгновения и вечность; В ордене зажженной искры; Из первых книг; Переводы и переводчикам
610 0 _aФилологические науки. Художественная литература -- Российская Федерация -- Русская литература -- с сер. 50-х гг. 20 в. -- Произведения художественной литературы -- Поэзия -- Сборники одного автора
686 _aШ5(2=Р)75-65я44
_2rubbk
686 _aШ6(2=Р)8-5
686 _aШ6(2=Р)8-57
700 1 _4070
_8rus
_7ca
_aЧернов
_bИ. М.
_cпоэт
_f1954-
_gИгорь Маркович
_3RU\NLR\auth\7792657
_975584
801 0 _aRU
_bРГБ
_c20100407
_grcr
801 1 _aRU
_bРГБ
_c20100407
801 2 _aRU
_bNLR
_c20100514
_grcr
942 _cBOOK
980 _aNB